[Event "13th Parsvnath Open"]
[Site "New Delhi IND"]
[Date "2015.01.14"]
[Round "8.51"]
[White "Gavi, Siddayya"]
[Black "Dodeja, Pawan"]
[Result "0-1"]
[WhiteElo "1938"]
[BlackElo "2172"]
[WhiteFideId "5032822"]
[BlackFideId "5012686"]
[EventDate "2015.01.09"]

1. e4 c5 2. Nf3 d6 3. d4 cxd4 4. Nxd4 Nf6 5. Nc3 g6 6. Be3 Bg7 7. f3 Nc6 8. Qd2
O-O 9. Bc4 Bd7 10. O-O-O Rc8 11. Bb3 Nxd4 12. Bxd4 b5 13. Nd5 Nxd5 14. Bxg7 Kxg7
15. exd5 a5 16. a4 bxa4 17. Bxa4 Rc4 18. Bb3 Rb4 19. h4 h6 20. h5 g5 21. Qc3+
Kg8 22. Rd4 Qb6 23. Rxb4 axb4 24. Qd3 Ra8 25. Re1 Qf2 26. Qe2 Ra1+ 27. Kd2 Qd4+
28. Qd3 Qxb2 29. Rxa1 Qxa1 30. Qe4 Qc3+ 31. Kc1 Kf8 32. Kb1 f5 33. Qe2 Qd4 34.
Qa6 f4 35. Qb7 Bf5 36. Ba4 Kf7 37. Qb8 Qe5 38. Qe8+ Kg7 39. Bd7 Qe1+ 40. Ka2
Bxc2 0-1

[Event "13th Parsvnath Open"]
[Site "New Delhi IND"]
[Date "2015.01.14"]
[Round "8.52"]
[White "Thing, Bibek"]
[Black "Pranav, Shetty"]
[Result "1/2-1/2"]
[WhiteElo "1979"]
[BlackElo "2217"]
[WhiteFideId "12303135"]
[BlackFideId "5035058"]
[EventDate "2015.01.09"]

1. e4 c5 2. Nf3 d6 3. d4 cxd4 4. Nxd4 Nf6 5. Nc3 a6 6. h3 e5 7. Nde2 h5 8. Bg5
Be7 9. Qd2 Be6 10. O-O-O Nbd7 11. g3 b5 12. a3 Rb8 13. f3 a5 14. Bxf6 Nxf6 15.
Nd5 Nxd5 16. exd5 Bd7 17. b3 b4 18. a4 Rc8 19. Kb1 Rc5 20. Nc1 O-O 21. g4 Bg5
22. Qg2 h4 23. Bd3 g6 24. Be4 Qc7 25. Nd3 Rc3 26. Nb2 Rc8 27. Bd3 Qd8 28. Qe2
R8c5 29. Bc4 e4 30. fxe4 Re3 31. Qg2 Qe7 32. Rhe1 Rg3 33. Qf1 Bf6 34. e5 dxe5
35. d6 Qd8 36. Rd3 e4 37. Rxe4 Bc6 38. Rxg3 Bxe4 39. Re3 Bd5 40. Qxf6 Qxf6 41.
Re8+ Kg7 42. d7 Bxc4 43. bxc4 Rxc4 44. d8=Q Qxd8 45. Rxd8 Rc3 46. Rd3 Rc5 47.
Kc1 f5 48. gxf5 Rxf5 49. Re3 g5 50. Nd3 Kf6 51. Kd2 Rf1 52. Re1 Rf3 53. Re3 Rf1
54. Ne1 Rf2+ 55. Kd3 g4 56. hxg4 Kg5 57. Nf3+ Kxg4 58. Nxh4 Kxh4 59. Re5 Rf3+
60. Kd2 b3 61. cxb3 Rxb3 62. Rxa5 Kg4 63. Kc2 Rf3 64. Rb5 Kf4 65. Kb2 Ke4 66. a5
Kd4 67. Rb8 Rf5 68. Rb4+ Kc5 69. Kb3 Rf3+ 70. Kb2 1/2-1/2

[Event "13th Parsvnath Open"]
[Site "New Delhi IND"]
[Date "2015.01.14"]
[Round "8.53"]
[White "Sardana, Rishi"]
[Black "Varshini, V"]
[Result "1/2-1/2"]
[WhiteTitle "IM"]
[BlackTitle "WFM"]
[WhiteElo "2404"]
[BlackElo "2071"]
[WhiteFideId "25004301"]
[BlackFideId "5091241"]
[EventDate "2015.01.09"]

1. e4 c5 2. Nf3 d6 3. d4 cxd4 4. Nxd4 Nf6 5. Nc3 a6 6. h3 e6 7. g4 d5 8. Nde2
Nxe4 9. Nxe4 dxe4 10. Qxd8+ Kxd8 11. Nc3 Bb4 12. Bd2 Nc6 13. O-O-O Ke7 14. Bg2
f5 15. f3 exf3 16. Bxf3 Kf7 17. Rhe1 Re8 18. Na4 Bxd2+ 19. Rxd2 Rd8 20. Nb6 Rxd2
21. Kxd2 Rb8 22. Kc3 g6 23. Kc4 e5 24. Bxc6 bxc6 25. Nxc8 Rxc8 26. Rxe5 Rb8 27.
b3 Rb5 28. Re2 Rd5 29. g5 f4 30. h4 f3 31. Rf2 Rf5 32. Kd4 Rf4+ 33. Ke5 Rxh4 34.
Rxf3+ Ke7 35. Rg3 Rh2 36. Rc3 Re2+ 37. Kf4 Kd6 38. a4 Rd2 39. Ke4 Rg2 40. Kf4
Rf2+ 41. Kg4 Rg2+ 42. Kf4 Rf2+ 43. Ke4 Rg2 44. Rd3+ Ke6 45. Rc3 Kd6 46. Rh3 Rxc2
47. Rxh7 Rb2 48. Rb7 Rb1 49. Kf4 Rf1+ 50. Kg4 Rg1+ 51. Kh4 Rh1+ 52. Kg3 Rg1+ 53.
Kf4 Rf1+ 1/2-1/2

[Event "13th Parsvnath Open"]
[Site "New Delhi IND"]
[Date "2015.01.14"]
[Round "8.54"]
[White "Ortega Ruiz, Jose Miguel"]
[Black "Aronyak, Ghosh"]
[Result "1-0"]
[WhiteTitle "FM"]
[BlackTitle "CM"]
[WhiteElo "2339"]
[BlackElo "2065"]
[WhiteFideId "2209713"]
[BlackFideId "25072846"]
[EventDate "2015.01.09"]

1. d4 Nf6 2. c4 e6 3. Nf3 d5 4. e3 Be7 5. Nc3 b6 6. Bd3 Bb7 7. O-O O-O 8. Qc2
Na6 9. a3 dxc4 10. Bxc4 c5 11. Qe2 Qc8 12. Ne5 Rd8 13. Rd1 Nc7 14. dxc5 Rxd1+
15. Qxd1 Bxc5 16. b4 Bf8 17. Bb2 Ncd5 18. Ne2 Qd8 19. Nd4 Rc8 20. b5 Nd7 21.
Ndc6 Qc7 22. Nxf7 Kxf7 23. Bxd5 exd5 24. Qxd5+ Kg6 25. Qe6+ Nf6 26. Ne5+ Qxe5
27. Qxe5 Re8 28. Qg3+ Kf7 29. Bxf6 gxf6 30. Qc7+ Re7 31. Qc4+ Kg6 32. Qg4+ Kf7
33. Rd1 Ke8 34. Qh5+ Rf7 35. Rd8+ 1-0

[Event "13th Parsvnath Open"]
[Site "New Delhi IND"]
[Date "2015.01.14"]
[Round "8.55"]
[White "Dhananjay"]
[Black "Kiran, Manisha Mohanty"]
[Result "1-0"]
[BlackTitle "WGM"]
[WhiteElo "2071"]
[BlackElo "2206"]
[WhiteFideId "5092892"]
[BlackFideId "5019575"]
[EventDate "2015.01.09"]

1. e4 c5 2. Nf3 d6 3. d4 cxd4 4. Nxd4 Nf6 5. Nc3 Nc6 6. g3 g6 7. Bg2 Nxd4 8.
Qxd4 Bg7 9. O-O O-O 10. Qd3 Be6 11. Nd5 Rc8 12. c3 Nd7 13. Be3 a6 14. Qe2 Re8
15. f4 Qa5 16. Rfd1 b5 17. a3 Qa4 18. Bd4 Qc4 19. Qxc4 Rxc4 20. Bf2 Nf6 21. Nb6
Rc7 22. h3 Bb3 23. Rd2 Rb8 24. e5 Ne8 25. Bd5 Bxd5 26. Nxd5 Rcb7 27. exd6 Nxd6
28. Nxe7+ Rxe7 29. Rxd6 Re2 30. Rad1 h5 31. R1d2 Rxd2 32. Rxd2 a5 33. Bc5 Re8
34. Kf2 h4 35. g4 Re4 36. Kf3 Re1 37. Bf2 Rh1 38. Kg2 Rb1 39. Bxh4 b4 40. axb4
axb4 41. cxb4 Bxb2 42. Rd5 f6 43. b5 Kf7 44. Bf2 Ke6 45. Rd3 Ba1 46. b6 f5 47.
g5 Bg7 48. h4 Bf8 49. Kf3 Be7 50. Rc3 Bd6 51. Re3+ Kf7 52. Rd3 Be7 53. Rc3 Bd6
54. Be3 Ke6 55. Rc8 Rb3 56. Ke2 Kd5 57. h5 Rb2+ 58. Kf3 1-0

[Event "13th Parsvnath Open"]
[Site "New Delhi IND"]
[Date "2015.01.14"]
[Round "8.56"]
[White "Ritviz, Parab"]
[Black "Jayakumaar, S"]
[Result "1-0"]
[WhiteElo "2187"]
[BlackElo "2053"]
[WhiteFideId "5073367"]
[BlackFideId "5090997"]
[EventDate "2015.01.09"]

1. e4 d5 2. exd5 Qxd5 3. Nc3 Qd8 4. d4 Bf5 5. Nf3 c6 6. Bd3 Bg6 7. Bf4 Nf6 8.
Qe2 e6 9. a3 Bd6 10. Ne5 Qc7 11. O-O-O Nbd7 12. Bg3 Bxd3 13. Rxd3 O-O 14. Nc4
Bxg3 15. hxg3 Rfd8 16. g4 Nf8 17. Ne5 Nd5 18. Nxd5 Rxd5 19. c4 Rd6 20. g5 Rad8
21. Rf3 Rxd4 22. Rxf7 Qd6 23. f4 Ng6 24. Rxh7 Rd1+ 25. Kc2 Rd2+ 26. Kb3 Rxb2+
27. Qxb2 Kxh7 28. Nxg6 Qd3+ 29. Kb4 a5+ 30. Kxa5 b6+ 31. Ka6 Qxg6 32. Ra7 b5 33.
c5 Rd5 34. Kb6 e5 35. g3 e4 36. g4 e3 37. Qh2+ Kg8 38. Ra8+ Kf7 39. f5 Qxg5 40.
Qh8 Qe7 41. Qh5+ Kf6 42. Qg6+ Ke5 43. Re8 Qxe8 44. Qxe8+ Kf4 45. Kxc6 Re5 46.
Qd7 e2 47. Qd2+ Kxg4 48. Qe1 Kf3 49. Kb6 Rd5 50. c6 Rd1 51. Qc3+ Kf4 52. c7 e1=Q
53. Qxe1 Rxe1 54. c8=Q Re5 55. Qc7 Kxf5 56. Qxg7 Ke6 57. Qxe5+ Kxe5 58. Kxb5 Kd6
59. Kb6 Kd7 60. Kb7 1-0

[Event "13th Parsvnath Open"]
[Site "New Delhi IND"]
[Date "2015.01.14"]
[Round "8.57"]
[White "Godbole, Atharva"]
[Black "Dhar, Rajib"]
[Result "0-1"]
[WhiteElo "2065"]
[BlackElo "2151"]
[WhiteFideId "5059550"]
[BlackFideId "5015596"]
[EventDate "2015.01.09"]

1. e4 c5 2. Nf3 Nc6 3. d4 cxd4 4. Nxd4 Nf6 5. Nc3 d6 6. Bc4 Qb6 7. Ndb5 a6 8.
Be3 Qa5 9. Nd4 Ng4 10. Nxc6 bxc6 11. Bd2 Qb6 12. O-O g6 13. Na4 Qc7 14. Bc3 d5
15. g3 dxc4 16. Bxh8 f6 17. Qd4 Ne5 18. f4 Nf7 19. Nb6 Rb8 20. Nxc8 Nxh8 21. e5
Qxc8 22. exf6 Qd7 23. Qxc4 Qd5 24. Qe2 e6 25. h3 Bc5+ 26. Kh2 Rxb2 27. Rfe1 Kf7
28. Rad1 Qf5 29. Rd7+ Ke8 30. Rd3 Kf7 31. Rd7+ Kxf6 32. Qe5+ Qxe5 33. fxe5+ Kf5
34. Re2 h5 35. Rh7 Rb8 36. c3 g5 37. Rc7 Bb6 38. Rxc6 Ng6 39. Kg2 Nxe5 40. Rd6
a5 41. Rd1 g4 42. Rb1 Bc7 43. Rd1 Rb5 44. hxg4+ hxg4 45. Rd4 Nf3 46. Rd1 Rc5 47.
Rd7 Be5 48. Rf7+ Bf6 49. Re3 Rb5 50. Re2 Rb1 51. Rf8 Rc1 52. a4 Rxc3 53. Rb8 Rc5
54. Rb7 e5 55. Rb8 Rc4 56. Ra2 Bg5 57. Rb5 Be3 58. Rxa5 Rc1 0-1

[Event "13th Parsvnath Open"]
[Site "New Delhi IND"]
[Date "2015.01.14"]
[Round "8.58"]
[White "Raja, Harshit"]
[Black "Prajesh, R"]
[Result "1-0"]
[WhiteElo "2144"]
[BlackElo "2058"]
[WhiteFideId "5089000"]
[BlackFideId "25044753"]
[EventDate "2015.01.09"]

1. e4 c5 2. c3 Nf6 3. e5 Nd5 4. d4 cxd4 5. Nf3 e6 6. cxd4 d6 7. Bc4 Nb6 8. Bd3
dxe5 9. dxe5 Na6 10. Qe2 Nb4 11. Be4 Bd7 12. O-O Bc6 13. Nc3 Be7 14. Bxc6+ bxc6
15. Rd1 N4d5 16. Nd4 Qc7 17. Nxd5 cxd5 18. Bf4 O-O 19. Rac1 Qd7 20. Rc3 Rfc8 21.
Rh3 g6 22. Qg4 Qe8 23. b3 Nd7 24. Re3 Qd8 25. Bh6 Nf8 26. Rf3 Qd7 27. Qf4 Qe8
28. h4 Rc7 29. Nb5 Rd7 30. Rc1 g5 31. Bxg5 Ng6 32. Qg3 Qb8 33. Bd2 1-0

[Event "13th Parsvnath Open"]
[Site "New Delhi IND"]
[Date "2015.01.14"]
[Round "8.59"]
[White "Yohan, J."]
[Black "Lama, Himal"]
[Result "0-1"]
[WhiteElo "2124"]
[BlackElo "1937"]
[WhiteFideId "5058589"]
[BlackFideId "12303143"]
[EventDate "2015.01.09"]

1. e4 c5 2. Nc3 Nc6 3. f4 b6 4. Nf3 Bb7 5. g3 d6 6. Bh3 g6 7. O-O Bg7 8. d3 Nf6
9. f5 a6 10. a4 Rb8 11. Bf4 Nd7 12. Qd2 Nde5 13. Nxe5 Nxe5 14. Bh6 O-O 15. Bxg7
Kxg7 16. Rf4 g5 17. f6+ exf6 18. Rf2 g4 19. Bg2 Rg8 20. Raf1 Kh8 21. Nd5 Bxd5
22. exd5 Rg6 23. Be4 Nf3+ 24. Bxf3 gxf3 25. Rxf3 Kg7 26. Kg2 Qd7 27. Qc3 Qe7 28.
Re1 Qd7 29. Ref1 Qe7 30. b3 Re8 31. d4 Qe2+ 32. R1f2 Qd1 33. dxc5 Re1 34. Qd2
Rg1+ 35. Kh3 f5 36. Kh4 f6 37. Qf4 Qd4 38. Kh3 Rh6+ 39. Qxh6+ Kxh6 40. Rxf5 0-1

[Event "13th Parsvnath Open"]
[Site "New Delhi IND"]
[Date "2015.01.14"]
[Round "8.60"]
[White "Monnisha, GK"]
[Black "Rakesh, Kumar Jena"]
[Result "1-0"]
[WhiteTitle "WFM"]
[BlackTitle "FM"]
[WhiteElo "2055"]
[BlackElo "2123"]
[WhiteFideId "5009936"]
[BlackFideId "5084822"]
[EventDate "2015.01.09"]

1. e4 c5 2. Nf3 d6 3. d4 cxd4 4. Nxd4 Nf6 5. Nc3 g6 6. Be3 Bg7 7. f3 O-O 8. Qd2
Nc6 9. O-O-O Nxd4 10. Bxd4 Be6 11. Kb1 Qc7 12. Nb5 Qc6 13. Be3 Bc4 14. Nd4 Qa6
15. Bxc4 Qxc4 16. h4 Rad8 17. Bh6 Bxh6 18. Qxh6 Kh8 19. h5 Ng8 20. Qg5 Nf6 21.
g4 Rg8 22. hxg6 fxg6 23. e5 dxe5 24. Qxe5 Rge8 25. Ne6 Rd5 26. Qe3 Rc8 27. Rxd5
Qxd5 28. Re1 b6 29. b3 b5 30. g5 Nd7 31. c4 Qf5+ 32. Kb2 bxc4 33. Qd4+ Nf6 34.
gxf6 c3+ 35. Kc1 exf6 36. Qxa7 Rg8 37. Rh1 h5 38. Qe3 Kh7 39. Rd1 Qb5 1-0

[Event "13th Parsvnath Open"]
[Site "New Delhi IND"]
[Date "2015.01.14"]
[Round "8.61"]
[White "Neelash, Saha"]
[Black "Gandhi, Anish"]
[Result "1-0"]
[WhiteElo "2010"]
[BlackElo "2118"]
[WhiteFideId "5094160"]
[BlackFideId "5061032"]
[EventDate "2015.01.09"]

1. d4 d5 2. Bf4 Nf6 3. e3 c5 4. c3 Nc6 5. Bd3 Qb6 6. Qb3 c4 7. Qxb6 axb6 8. Bc2
b5 9. Na3 b4 10. Nb5 Ra5 11. a4 bxa3 12. Nxa3 e6 13. Nf3 b5 14. Ke2 b4 15. Nb5
b3 16. Rxa5 Nxa5 17. Bb1 Be7 18. Nd6+ Kf8 19. Nxc8 Bd8 20. Nd6 Ke7 21. Nb5 Nb7
22. Ne5 Bb6 23. g4 Ra8 24. Rd1 Ne8 25. Bxh7 g6 26. Bxg6 fxg6 27. Bg5+ Kf8 28.
Nd7+ Kg7 29. Nxb6 1-0

[Event "13th Parsvnath Open"]
[Site "New Delhi IND"]
[Date "2015.01.14"]
[Round "8.62"]
[White "Mahalakshmi, M"]
[Black "Tarini, Goyal"]
[Result "1/2-1/2"]
[WhiteTitle "WFM"]
[BlackTitle "WFM"]
[WhiteElo "2116"]
[BlackElo "1966"]
[WhiteFideId "5001080"]
[BlackFideId "5082749"]
[EventDate "2015.01.09"]

1. d4 d5 2. c4 e6 3. Nc3 Be7 4. Nf3 Nf6 5. Bg5 O-O 6. e3 b6 7. Be2 Bb7 8. Bxf6
Bxf6 9. cxd5 exd5 10. O-O c5 11. dxc5 bxc5 12. Qb3 Bc6 13. Rfd1 c4 14. Qc2 Qb6
15. Nd4 Bb7 16. Bf3 Rd8 17. Nde2 Na6 18. Nxd5 Bxd5 1/2-1/2